Insight and treatment adherence among a population of patients followed for bipolar disorder type I in the Oriental region of Morocco. (notice n° 1921109)

détails MARC
000 -LEADER
fixed length control field 02305cam a2200181 4500500
005 - DATE AND TIME OF LATEST TRANSACTION
control field 20260329022603.0
041 ## - LANGUAGE CODE
Language code of text/sound track or separate title fre
042 ## - AUTHENTICATION CODE
Authentication code dc
100 10 - MAIN ENTRY--PERSONAL NAME
Personal name Chandad, Miriam
Relator term author
245 00 - TITLE STATEMENT
Title Insight and treatment adherence among a population of patients followed for bipolar disorder type I in the Oriental region of Morocco.
260 ## - PUBLICATION, DISTRIBUTION, ETC.
Date of publication, distribution, etc. 2026.<br/>
500 ## - GENERAL NOTE
General note 25
520 ## - SUMMARY, ETC.
Summary, etc. Context and Objectives: In the context of bipolar disorder, non-adherence to treatments, whether medicinal or otherwise, represents a major health issue. Therefore, we undertook to evaluate therapeutic adherence profiles and levels of insight among bipolar patients, as well as to study the relationship between these two aspects. Materials and Methods: This was a cross-sectional study for descriptive and analytical purposes, conducted at the Mohammed VI University Hospital for Mental Health and Psychiatric Illnesses in Oujda over a period of 4 months. The study focused on patients with bipolar disorder type I in euthymic state. The Medication Adherence Report Scale (MARS-5) and Birchwood Insight Scale were used as measurement tools. Statistical analysis was performed using SPSS version 21.0. Our study was approved by the Biomedical Research Ethics Committee of the Faculty of Medicine and Pharmacy of Oujda. Results: Among the 35 patients included in the study, 65.7% were considered adherent to their treatment, while 34.3% were not. Furthermore, 80% showed good insight, with the dimension most affected by poor insight being awareness of the illness. Patients were more likely to be adherent if they had good insight, lacked addictive comorbidities, developed the illness at a younger age, had previous hospitalizations, and did not exhibit residual symptoms. However, despite these observations, no significant association between these factors was identified in our study. Conclusion: Managing bipolar patients involves improving their adherence, which depends, among other factors, on enhancing their insight.
700 10 - ADDED ENTRY--PERSONAL NAME
Personal name Oneib, Bouchra
Relator term author
700 10 - ADDED ENTRY--PERSONAL NAME
Personal name El Ghazouani, Fatima
Relator term author
786 0# - DATA SOURCE ENTRY
Note L'information psychiatrique | 102 | 2 | 2026-03-04 | p. 155-160 | 0020-0204
856 41 - ELECTRONIC LOCATION AND ACCESS
Uniform Resource Identifier <a href="https://stm.cairn.info/journal-linformation-psychiatrique-2026-2-page-155?lang=en&redirect-ssocas=7080">https://stm.cairn.info/journal-linformation-psychiatrique-2026-2-page-155?lang=en&redirect-ssocas=7080</a>

Pas d'exemplaire disponible.

PLUDOC

PLUDOC est la plateforme unique et centralisée de gestion des bibliothèques physiques et numériques de Guinée administré par le CEDUST. Elle est la plus grande base de données de ressources documentaires pour les Étudiants, Enseignants chercheurs et Chercheurs de Guinée.

Adresse

627 919 101/664 919 101

25 boulevard du commerce
Kaloum, Conakry, Guinée

Réseaux sociaux

Powered by Netsen Group @ 2025